| 000 | 00000nam 2200000za 4500 |
| 001 | 9.860270 |
| 003 | CaOODSP |
| 005 | 20221107160442 |
| 007 | cr ||||||||||| |
| 008 | 180808s2018 qucd ob f000 0 fre d |
| 020 | |a9780660275116 |
| 040 | |aCaOODSP|bfre |
| 043 | |an-cn--- |
| 086 | 1 |aEn4-144/14-1-2018F-PDF |
| 245 | 00|aIndicateurs canadiens de durabilité de l'environnement |h[ressource électronique] : |bdurabilité de la récolte de bois d'œuvre. |
| 246 | 30|aDurabilité de la récolte de bois d'œuvre |
| 260 | |aGatineau, Qué. : |bEnvironnement et changement climatique Canada, |c2018. |
| 300 | |a13 p. : |bgraph. en coul. |
| 500 | |aPubl. aussi en anglais sous le titre : Canadian environmental sustainability indicators: sustainability of timber harvest. |
| 500 | |a« Août 2018. » |
| 504 | |aComprend des références bibliographiques (p. 10-11). |
| 520 | |a« Les forêts couvrent environ 38 % de la superficie des terres du Canada. La récolte de bois d'œuvre occupe une place importante dans l'économie canadienne. Afin que les forêts puissent continuer à fournir ce bois, les récoltes doivent demeurer dans des limites durables. La récolte maximale durable est appelée « approvisionnement en bois ». L'indicateur compare le volume de bois d'œuvre récolté à l'approvisionnement en bois » -- P. 5. |
| 693 | 4|aForesterie durable |
| 693 | 4|aIndicateur environnemental |
| 710 | 1 |aCanada. |bEnvironnement et changement climatique Canada. |
| 775 | 08|tCanadian environmental sustainability indicators |w(CaOODSP)9.860269 |
| 794 | |tIndicateurs canadiens de durabilité de l'environnement : |w(CaOODSP)9.874582 |
| 795 | |tIndicateurs canadiens de durabilité de l'environnement |w(CaOODSP)9.849695 |
| 856 | 40|qPDF|s442 Ko|uhttps://publications.gc.ca/collections/collection_2018/eccc/En4-144-14-1-2018-fra.pdf |